00997nam a2200241 a 450000100100000000500170001000800410002702000150006804000250008308200160010810000340012424501370015826000370029530000280033249000290036050000210038970000370041083000360044704900090048395201200049295201260061299900170073800002274420200930021754.0101117s2004 pr a r 001 0 spa d a193227135x aDO-SdBNPbspacBNPHU annnnbR788p1 aRosa Soberal, Rosalie,94673310aPlanificación y evaluación de programas :bde la teoría a la práctica /cRosalie Rosa Soberal ; prólogo de Carmen Collado. aPuero Rico :bIsla Negra,c2004. a279 p. :bil. ;c23 cm.1 aAcademia contemporánea aIncluye índice1 aCollado, Carmen,epról.946734 0aAcademia contemporánea917694 aBNGR 001052708MOaGRbGRcCTd2010-11-17iLF1l0onnnn R788pp22744-10r2020-06-25w2020-06-25y2ZPréstamo interno 001052728MOaGRbGRcCTd2010-11-17iLF1l0onnnn R788pp22744-20r2020-06-25te. 2w2020-06-25y2ZPréstamo interno c22241d22241